<?xml version="1.0" encoding="UTF-8"?>
<marc:record xmlns:marc="http://www.loc.gov/MARC21/slim">
   <marc:leader>00000nam a2200000 a 4500</marc:leader>
   <marc:datafield ind1=" " ind2=" " tag="653">
      <marc:subfield code="a">Comic</marc:subfield>
   </marc:datafield>
   <marc:datafield ind1=" " ind2=" " tag="653">
      <marc:subfield code="a">Asterix</marc:subfield>
   </marc:datafield>
   <marc:datafield ind1=" " ind2=" " tag="653">
      <marc:subfield code="a">Antolin Klasse-5</marc:subfield>
   </marc:datafield>
   <marc:datafield ind1="0" ind2="0" tag="245">
      <marc:subfield code="a">Die goldene Sichel</marc:subfield>
   </marc:datafield>
   <marc:datafield ind1="0" ind2="0" tag="245">
      <marc:subfield code="b">[Band 5]</marc:subfield>
   </marc:datafield>
   <marc:datafield ind1=" " ind2="1" tag="264">
      <marc:subfield code="b">Egmond Schneider</marc:subfield>
      <marc:subfield code="c">2013</marc:subfield>
   </marc:datafield>
   <marc:datafield ind1="1" ind2=" " tag="490">
      <marc:subfield code="a">Asterix</marc:subfield>
   </marc:datafield>
   <marc:datafield ind1="1" ind2=" " tag="520">
      <marc:subfield code="a">Im Jahre 45 nach der ersten Veröffentlichung in Deutschland erfährt Asterix die erste große Überarbeitung! In sorgfältiger Detailarbeit wurden alle 34 Asterix-Alben einheitlich koloriert und die Sprechblasen neu gelettert. Die Covergestaltung wurde behutsam modifiziert, einige Cover sogar von Asterix-Zeichner Albert Uderzo persönlich neu gezeichnet! Damit ist der große Erfolg Asterix fit für ein neues Jahrhundert und darf sich auf eine glorreiche Zukunft freuen!</marc:subfield>
   </marc:datafield>
   <marc:datafield ind1=" " ind2=" " tag="020">
      <marc:subfield code="a">9783770436057</marc:subfield>
      <marc:subfield code="9">9783770436057</marc:subfield>
   </marc:datafield>
</marc:record>
